| 000 | 00474nam a2200169 a 4500 | ||
|---|---|---|---|
| 005 | 20160405142126.0 | ||
| 008 | 001109s19uu xx 00 eng d | ||
| 020 | _a978-0-86788-770-2 | ||
| 050 |
_aER _bTh32 1994 |
||
| 245 |
_aThree little kittens (The)/. _cillustrated by: Tracey Moroney |
||
| 260 |
_aAustralia: _bThe Five Mile Press, _c1994. |
||
| 300 | _a[8] p. ; ill. | ||
| 648 | _xKittens-fiction. | ||
| 650 | _aChildren stories | ||
| 942 | _2ddc | ||
| 999 |
_c104266 _d104266 |
||